000 01060nam a22002177a 4500
003 BD-DhUL
005 20180226104058.0
008 180226s2000 bg a|||| |||| 00| 0 ben d
020 _a9844330389
040 _aBD-DhUL
_cBD-DhUL
082 _a338.95492
_bBAN
245 1 0 _aবাংলাদেশ সরকারের জাতীয় নীতিমালা /
_cসংকলক মিয়া মুহাম্মদ আইয়ুব, আবুল কাসেম হায়দার
260 _aঢাকা :
_bহাক্কানী,
_c২০০০.
300 _a[৮], ৪০০ পৃ. :
_b চিত্র ;
_c২২ সেমি
504 _aগ্রন্থপঞ্জিগত তথ্য সংবলিত
650 0 _aঅর্থনৈতিক পরিকল্পনা
650 0 _aEconomic plan
700 _aআইয়ুব, মিয়া মুহাম্মদ
_eসংকলন
700 _aহায়দার, আবুল কাসেম
_eযুগ্ম সংকলন
942 _2ddc
_cBK
999 _c238489
_d238489